000 00750nam a22002417a 4500
003 DO-SdBPM
005 20250609084602.0
008 171121b1976 ck 00| 0 spa d
040 _aDO-SdBPM
_bspa
_cBPMSU
082 4 _a530.12
_bA454f 1971
_222
100 1 _aAlonso, Marcelo
245 1 0 _a Física / Marcelo Alonzo
250 _aedición rev. y aum.
260 _aBogotá :
_bFondo Educativo Interamericano
_c1976
300 _a626 p. :
_bil. :
_c23 cm
505 0 _aV. 3 : Fundamentos cuánticos y estadísticos
590 _aInventariado, 2025/VM
650 4 _a Física
_x Cuántica
650 4 _aFísica fundamentos estadísticos
700 1 _aJ. Finn, Edward
_eautor
910 _aVMateo V. Control de caldiad. BPMSU
942 _2ddc
_cBK
999 _c12986
_d12986